[Event "Baku FIDE GP"]
[Site "Baku"]
[Date "2014.10.07"]
[Round "5"]
[White "Gelfand, Boris"]
[Black "Tomashevsky, Evgeny"]
[Result "1/2-1/2"]
[WhiteElo "2748"]
[BlackElo "2701"]
[Annotator "Marin,M"]
[PlyCount "61"]
[EventDate "2014.10.02"]
[EventType "tourn"]
[EventRounds "11"]
[EventCountry "AZE"]
[EventCategory "21"]
[SourceTitle "CBM 163"]
[Source "ChessBase"]
[SourceDate "2014.11.11"]
[SourceVersion "1"]
[SourceVersionDate "2014.11.11"]
[SourceQuality "1"]

1. d4 d5 2. c4 e6 3. Nf3 c6 4. e3 f5 5. Bd3 Nf6 6. O-O Bd6 {If compared with a
norma Stonewall Dutch, with the white bishop on g2, this setup shows some
small differences. The bishop is more active on d3, by putting pressure on f5
and being ready to re-capture on c4, thus endangering the e6-pawn. On the
other hand, the white kingside is less well defended and Black can sometimes
think of an attack with ...Ne4, ...Rf6 and so on.} 7. b3 Qe7 {But little is
changed on the queenside. Just as in the classical Stonewall, White would be
glad to exchange the bishops with Ba3 while Black tries to avoid it.} 8. Bb2
O-O 9. Nc3 ({The main alternative is} 9. Qc1 {insisting with the idea of
exchanging bishops. See for instance Aronian,L (2645)-Radjabov,T (2670)
Antalya 2004 CBM 101 [Postny,E] (1/2-1/2, 46). I like the game continuation
better. The threat Ba3 has forced Black to an early committment (...Qe7) so
now it is time to continue the normal development.}) 9... Bd7 {A typical
Stonewall Dutch idea. Black intends to activate his potentially "bad" bishop
without weakening his queenside with ...b7-b6.} (9... Ne4 10. Ne2 Nd7 {(1/2-1/
2, 48) Zhou,J (2609)-Zhou,W (2624) Danzhou 2012 CBM 149 [Let's Check]}) ({
Gelfand had a relatively recent game with this line, continuing:} 9... b6 10.
Rc1 Ne4 (10... Bb7 {would be a typical mistake. Since the f5-pawn is hanging,
Black cannot answer} 11. cxd5 {with the desirable 11...exd5, while after} cxd5
12. Nb5 Nc6 13. Nxd6 Qxd6 14. Ne5 $16 {White's control over the central square
and his bishop pair yield him a long term advantage.}) 11. Ne2 Bb7 12. Ne5 Bxe5
$6 (12... Nd7 $5) 13. dxe5 c5 14. f3 Ng5 15. Nf4 $16 {Gelfand,B (2738)
-Morozevich,A (2770) Astana 2012 (1-0, 93)}) 10. Ne5 {Since Black has failed
to increase the control over e5, the knight gladly goes forward.} Be8 11. Ne2 {
I like regrouping with my knights in the Bf1-g2 Stonewall, too (usually
arising in my games via Catalan move order). But here White is a tempo up,
since e2-e3 was necessary in the early development process anyway, while g2-g3
was not necessary.} Nbd7 (11... Nfd7 {is a bit passive and was justified only
after} 12. f4 $6 (12. Nf4 $5) (12. Qd2 $5) 12... Nf6 $1 {[%csl Re2,Ge4]} 13. c5
Bc7 14. b4 Bh5 15. b5 cxb5 16. Bxb5 Ne4 17. Rb1 Bxe5 18. fxe5 Nc6 $11 {Van
Wely,L (2643)-Krasenkow,M (2702) Polanica Zdroj 2000 (1-0, 72)}) 12. f3 $1 {
[%csl Re4,Rg4][%cal Gc4c5,Gb3b4] Xg4, e4, /\c4-c5. After this move there is
little play left for Black on the kingside, while White can think of the
simple queenside attack with c4-c5, b3-b4, etc. Besides, the e8-bishop's
prospects of becoming active are very slim.} (12. c5 $2 Bxe5 13. dxe5 Ng4)
12... c5 $146 {A logical reaction to White's threat.} (12... Rd8 {Danner,G 
(2345)-Nikolac,J (2480) Maribor 1980 (0-1, 35)} 13. c5 Bc7 14. b4 $14) {
After Black's last move, the situation in the centre has become very tense,
quite typical for positions with four pawns in direct confrontation. White's
development is more harmonious and his structure more flexible, so he does not
need to prove anything concrete yet. It is enough to maintain the status quo,
but this is not so simple. Black has several ways of releasing the tension in
the centre (exchanges on c4, d4 or e5, or combinations between them) and White
has to get prepared for all of them!} 13. Rc1 $6 {This mechanical developing
move, possibly generated by Gelfand's indecision at this stage of the game,
wastes a tempo without bringing anything positive in the fight for the centre.
Ironically, this rook will be hanging later in the tactical phase.} (13. Nf4 $5
{may be an improvement. Black puts pressure on d5 and e6, discouraging some of
Black's freeing moves, especially ...dxc4 when after Bxc4 the e6-pawn would be
in trouble.,} Rd8 ({The resolute} 13... g5 {allows the following harmonious
regrouping:} 14. Nh3 h6 15. Nf2 Rd8 16. Qe2 Bc7 17. Rac1 cxd4 (17... Nxe5 18.
dxe5 dxc4 19. Bxc4 Nd5 20. Rfd1 Bc6 21. e4 Nf4 22. Qc2 b5 23. Bf1 $14 {[%cal
Gf2e4,Ge4f6]}) 18. Nxd7 Bxd7 19. exd4 $14) 14. Qc2 $5 {From this square, the
queen puts pressure on c5, f5 and, indirectly, d5 and e6, as this will be
revealed in some of the lines below.} Bc7 (14... cxd4 15. exd4 Nxe5 16. dxe5
Bc5+ 17. Kh1 Nh5 18. Nxh5 Bxh5 19. cxd5 {[%csl Gf5]} Rxd5 20. Bc4 Rd7 21. Bxe6+
Qxe6 22. Qxc5 $16) (14... dxc4 15. Bxc4 $16) 15. Rad1 $14 cxd4 ({A neutral
move as} 15... a6 $2 {would allow the following small combination:} 16. cxd5
Nxe5 17. dxe5 Nxd5 18. Nxd5 Rxd5 19. Bxf5 $1 Rxd1 20. Bxh7+ Kh8 21. Rxd1 $18) (
15... Kh8 {avoids this, but does not spare Black problems:} 16. Nxd7 Rxd7 17.
dxc5 Qxc5 18. Bd4 {with strong initiative in an open position.}) (15... g5 16.
Ne2 cxd4 17. exd4 Nxe5 18. dxe5 dxc4 19. Bxc4 Nd5 20. Bxd5 Rxd5 21. Rxd5 exd5
22. Qd2 h6 23. Re1 $16) 16. exd4 Nxe5 17. dxe5 Bb6+ 18. Kh1 Nh5 19. Nxh5 Bxh5
20. cxd5 Rxd5 21. Bxf5 Rxd1 22. Bxh7+ Kh8 23. Rxd1 {Black has lost two pawns,
but for once he can kick back:} Rxf3 $1 24. Bd3 $14) 13... Rd8 14. Qc2 dxc4 {
In the absence of any pressure on e6, this is entirely playable now.} 15. Bxc4
cxd4 16. exd4 (16. Nxd7 Rxd7 17. Nxd4 Bf7 $11) 16... Nb6 $6 {The idea of
eliminating the active bishop looks logical, but it allows White to retain a
stable edge.} (16... Bf7 $5 {[%csl Ge6][%cal Gf8e8]} 17. Rfe1 ({Tomashevsky
might have failed to find a solution against} 17. Nf4 {, but apparently there
is one:} Nxe5 $1 18. dxe5 Bxe5 $1 19. Bxe5 Qc5+ 20. Kh1 Qxe5 21. Nxe6 Bxe6 22.
Rfe1 Ne4 $1 23. fxe4 f4 $1 $11) 17... Rfe8 {looks safe enough for Black.}) 17.
Nf4 Nxc4 18. Qxc4 $6 (18. bxc4 $5 {[%cal Gf4d3,Gf1e1] offered better chances
for an advantage. If allowed, White would over-protect his e5-knight, with a
very promising position due to Black's weaknesses along the e-file and the
dynamic strength of White's hanging pawns. The critical continuation is} Bxe5
19. dxe5 Nd7 20. Qc3 {[%cal Gb2a3]} Nc5 21. Ba3 b6 22. Nd3 f4 23. Nxc5 bxc5 24.
Rfd1 $14 {In one way or another, White will install a rook on d6 soon. For
instance, there is the threat Rd6 and if ...Rxd6, Bxc5. In other cases, the
rook could be indirectly defended on d6 by simply retreating with the bishop
to b2, creating the X-ray attack against g7. The c5-pawn is vulnerable and the
black bishop does not have active prospects.}) 18... Bd7 (18... Bf7 19. Rfe1 (
19. Nxf7 $2 Rxf7 $15 20. Nxe6 $2 b5 $19) 19... Nd5 20. Nxd5 exd5 21. Qb5 $14)
19. Nxd7 {The start of a tactical phase leading to a draw almost by force.} (
19. Qe2 $5) 19... Bxf4 20. Nxf8 Bxc1 21. Nxe6 Be3+ 22. Kh1 b5 $1 $11 {The only
saving move, which had to be seen in advance.} (22... Rb8 $2 23. Ng5+ Kh8 24.
Nf7+ Kg8 25. Nh6+ Kh8 26. Nxf5 Qe8 27. Re1 $18) 23. Qc7 Qxc7 24. Nxc7 b4 25. d5
(25. Rd1 Rc8 26. Nb5 Rc2 $17) 25... Bb6 $11 26. Bxf6 gxf6 27. Rc1 a5 28. g3
Bxc7 29. Rxc7 Rxd5 30. Rc2 Kf7 31. Kg2 1/2-1/2

[Event "WchT 9th"]
[Site "Antalya"]
[Date "2013.12.02"]
[Round "6.1"]
[White "Meier, Georg"]
[Black "Aronian, Levon"]
[Result "1/2-1/2"]
[WhiteElo "2623"]
[BlackElo "2801"]
[Annotator "Meier,Georg"]
[PlyCount "77"]
[EventDate "2013.11.26"]
[EventType "team-tourn"]
[EventRounds "9"]
[EventCountry "TUR"]
[SourceTitle "CBM 158"]
[Source "ChessBase"]
[SourceDate "2014.01.16"]
[SourceVersion "1"]
[SourceVersionDate "2014.01.16"]
[SourceQuality "1"]
[WhiteTeam "Germany"]
[BlackTeam "Armenia"]
[WhiteTeamCountry "GER"]
[BlackTeamCountry "ARM"]

{Ich habe das Vergnügen gegen die Topspieler immer recht interessante Partien
spielen zu können. Offenbar sind diese sich mehr oder weniger einig darin,
gegen mich unortodhoxe Stellungen anzustreben, oder zumindest solche die mir
kaum bekannt sind. Recht schnell entsteht dann ein Kampf "Mann gegen Mann",
der natürlich interessanter ist, als gegen eine überlegen
Eröffnungsvorbereitung anzutreten.} 1. Nf3 d5 2. d4 c6 3. c4 e6 4. e3 Bd6 {
Aronian erklärte seine Eröffnungswahl nach der Partie damit dass ihn seine
Mannschaft gebeten hatte, auf Gewinn zu spielen.} 5. Bd3 f5 6. O-O Nh6 {
Wahrlich unorthodox.} (6... Nf6 7. b3 Qe7 8. Bb2 O-O 9. Nc3 Ne4 10. Ne2 Nd7 11.
Rc1 a5 12. a4 g5 $13 {1/2-1/2 (19) Meier,G (2648)-Krasenkow,M (2628) Sestao
2010}) 7. Ne5 {Schwarz macht seine Flügelspielchen, also gehe ich ins Zentrum,
dachte ich mir.} O-O 8. f4 Nd7 9. Nc3 Nf6 10. Bd2 Bd7 11. Rc1 Be8 12. a3 $14 {
Die weisse Stellung ist flexibler und es bleiben Aussichten auf Expansion und
Initiative am Damenflügel.} Bh5 13. Qe1 (13. Qb3 $5 Rb8 $140 14. cxd5 exd5 15.
e4 (15. h3)) 13... Kh8 14. Ne2 (14. cxd5 $5 exd5 15. Na4) 14... a5 15. Ng3 Be8
16. b4 $1 {von Aronian gelobt. Weiss will die Initiative übernehmen und das
Spiel auf den Damenflügel verlagern.} a4 {Strategisch sehr riskant, da
verbleibendes Material am Damenflügel sehr anfällig werden kann.} (16... axb4
17. Bxb4 b6 18. Bxd6 Qxd6 19. Rb1 $14) 17. c5 Be7 18. Nh1 {Solide aber
inkonsequent. Nach diesem Zug, hegte Levon bereits Ambitionen, was mehr
psychologisch motiviert war, als durch die Stellungsbeurteilung. Nach wie vor
steht Weiss besser.} (18. b5 $142 {Hier ist es schwer Schwarz guten Rat zu
geben, denn} cxb5 19. Rb1 b6 20. c6 Bxa3 21. Bb4 Bxb4 22. Qxb4 Kg8 23. h3 {
bedeutet einen Kampf mit dem Rücken zur Wand.} (23. Qxb5 Nhg4 24. Qxb6)) 18...
Ne4 19. Nf2 Bh4 20. g3 Bf6 21. Be2 $1 {Verhindert Bh5 und erhöht die weisse
Flexibilität. Nun kommt nach etwaigem Nxe4 fe4, g4 stark in Betracht.} Nxf2 22.
Rxf2 g5 $2 {Ein grobes Übersehen in schwieriger Stellung. Auch für die besten
Spieler gibt es in schlechten Stellungen keine guten Züge und das führt früher
oder später zu Fehlern... Zu großer Respekt vor meinem bekannten Gegner ließ
mich zulange daran arbeiten alles wasserdicht zu machen, obwohl ich schnell
erkannte, dass ich hier in wohl gewinnbringenden Vorteil kommen kann. Später
sollte sich die verlorene Zeit rächen.} (22... Rg8 23. Rb1) 23. fxg5 $1 Bxg5
24. h4 $1 Bf6 25. e4 Nf7 (25... Bg7 26. Bg5) 26. exf5 Nxe5 27. dxe5 Bxe5 28.
fxe6 Bg6 29. Bd3 Qc7 30. Bxg6 Bd4 $5 {Es blieb Levon nichts Anderes übrig als
im Trüben zu fischen.} (30... hxg6 31. Kg2 $18) 31. Bf7 Qxg3+ 32. Kf1 Rg8 {
Mit wenig verbliebener Restbedenkzeit wollte ich die Dinge einfach halten und
verlor dabei gerechterweise die Übersicht.} 33. Bg5 (33. Rc3 $1 Qg1+ 34. Ke2
Bxf2 35. Qxg1 Bxg1 36. Rf3 $18 {War der "menschlichste" Weg zum Sieg, denn
Weiss behält alle seine Trümpfe und hat die Stellung so sehr vereinfacht dass
nichts mehr schief gehen kann.}) (33. Bxg8 Rxg8 34. Ke2 Qg4+ 35. Kd3 Bxf2 36.
Qe5+ Rg7 37. e7 Qe4+ 38. Qxe4 dxe4+ 39. Ke2 $18 {erforderte schon etwas mehr
Rechenarbeit und Präzision.}) 33... h6 34. Rd1 $4 (34. Bxg8 {gewinnt immer noch
}) 34... Rxg5 35. hxg5 (35. Rxd4 $4 Qg1+ 36. Ke2 Re5+) 35... Qh3+ 36. Ke2 Qe3+
37. Kf1 Qh3+ 38. Ke2 Qe3+ 39. Kf1 {Schade um die vertane Großchance, doch
psychologische Robustheit oder deren Mangel hat nunmal Auswirkungen auf die
Entscheidungen am Brett, und in diesem Bereich musste ich wohl eine Lektion
lernen. Auch die Allerbesten sind verwundbar, aber wenn man sie zappeln lässt,
sind sie auch schnell wieder entwischt... Mir fehlte die Kaltschnäuzigkeit um
die Partie nach 22...g5? schnell zum Sieg zu führen.} 1/2-1/2

[Event "Metz op 31th"]
[Site "Metz"]
[Date "2013.04.21"]
[Round "3"]
[White "Maiorov, Nikita"]
[Black "Dgebuadze, Alexandre"]
[Result "1-0"]
[WhiteElo "2535"]
[BlackElo "2515"]
[Annotator "Metz Alekhine/Primel,D"]
[PlyCount "21"]
[EventDate "2013.04.20"]
[EventType "swiss"]
[EventRounds "9"]
[EventCountry "FRA"]
[SourceTitle "EXT 2016"]
[Source "ChessBase"]
[SourceDate "2015.10.08"]
[SourceVersion "1"]
[SourceVersionDate "2015.10.08"]
[SourceQuality "1"]
[TimeControl "40/5400:1800+30"]
[WhiteClock "1:30:00"]
[BlackClock "1:30:00"]

1. d4 e6 2. c4 d5 3. Nf3 c6 4. e3 f5 5. Bd3 Bd6 6. O-O {85} Nh6 $5 {Une ligne
secondaire} (6... Nf6 7. b3 {[%cal Gc1a3]} Qe7 8. Ne5 (8. Bb2) 8... O-O 9. Bb2
Bd7 10. Nc3 Be8 11. cxd5 cxd5 12. Rc1 Nc6 13. Nb5 Bb4 14. a3 Ba5 15. Be2 a6 16.
Nc3 Ne4 17. b4 Bc7 18. Nxe4 fxe4 19. Qb3 Bxe5 20. dxe5 Qg5 21. Kh1 Bh5 22. f3
Qh6 23. Rce1 exf3 24. gxf3 Rf7 25. Bc1 Bg6 26. e4 Qh3 27. exd5 Nd4 28. Qd1 Nxe2
29. Qxe2 Bh5 30. Kg1 Bxf3 31. Qf2 Qg4+ 32. Qg3 Qxg3+ 33. hxg3 Bxd5 34. Be3 a5
35. b5 a4 36. Rxf7 {Aronian,L (2813)-Tomashevsky,E (2706) Tromsoe 2013 0-1}) 7.
b3 O-O (7... Qe7 {[%csl Ga3]} 8. Bb2 (8. a4 {[%cal Gc1a3]})) 8. Ba3 Bxa3 9.
Nxa3 Nd7 10. Rc1 $146 (10. Ne5 Nxe5 11. dxe5 Ng4 12. Be2 Nxe5 13. Qd4 Nf7 14.
Rfd1 Qe7 15. Nc2 Bd7 16. Rac1 Be8 17. f4 c5 18. Qc3 Rd8 19. Ne1 b6 20. Nf3 Bc6
21. Ne5 Qf6 22. Nxc6 {1-0 (22) Dalo,H (2130)-Perez Mitjans,O (2504) Sabadell
2012}) 10... Nf6 11. Nb1 {[%cal Gb1c3] suite illisible et gain Blanc au 58ème
coup} (11. Nc2 {[%cal Gc2e1,Ge1d3,Gd3e5]}) 1-0

[Event "Harplinge"]
[Site "Harplinge"]
[Date "1998.08.16"]
[Round "2"]
[White "Agrest, Evgenij"]
[Black "Lautier, Joel"]
[Result "0-1"]
[WhiteElo "2545"]
[BlackElo "2625"]
[Annotator "Petursson,M"]
[PlyCount "98"]
[EventDate "1998.08.15"]
[EventType "tourn"]
[EventRounds "9"]
[EventCountry "SWE"]
[EventCategory "12"]
[SourceTitle "CBM 067"]
[Source "ChessBase"]
[SourceDate "1998.11.30"]
[SourceVersion "2"]
[SourceVersionDate "1998.11.01"]
[SourceQuality "1"]

1. c4 e6 2. Nc3 d5 3. d4 c6 4. e3 Bd6 5. Bd3 f5 6. g4 Nf6 7. gxf5 exf5 8. Qb3
dxc4 9. Bxc4 Qe7 10. a4 Nbd7 11. a5 Ne4 12. Nf3 Ndf6 13. h3 Rb8 14. Rg1 g6 15.
Nxe4 Nxe4 16. h4 f4 17. Ng5 Rf8 18. Nxe4 Qxe4 19. Bd3 Qe7 20. e4 Be6 21. Qc2
Bb4+ 22. Bd2 Rd8 23. a6 Rxd4 24. axb7 Qxb7 25. Bc3 Rf7 26. h5 Rfd7 27. hxg6
hxg6 28. Ba6 Qb6 29. Rxg6 Bf7 30. Rh6 {[%tqu "En","Can you find the winning
move for Black here?","Threaten mate","Attack his queen and threaten mate!",
"d4d2","",18]} Rd2 $1 31. Bxd2 Rxd2 32. Qxc6+ Qxc6 33. Rxc6 Rc2+ 34. Kd1 Rxc6
35. Bb5 Bb3+ $2 (35... Bh5+ $1 $19 {would have ended the game immediatly}) 36.
Ke2 Bc4+ 37. Bxc4 Rxc4 38. Rxa7 Rxe4+ 39. Kf3 Rd4 40. Ra4 Ke7 41. Kg4 Ke6 42.
f3 Ke5 43. Ra8 Bd2 44. Re8+ Kd5 45. Rc8 Be3 46. Rb8 Kc5 47. Rc8+ Kb4 48. Rb8+
Ka4 49. b3+ Ka3 0-1

[Event "EU-ch 3rd"]
[Site "Batumi"]
[Date "2002.06.20"]
[Round "8"]
[White "Chiburdanidze, Maia"]
[Black "Krasenkow, Michal"]
[Result "0-1"]
[WhiteElo "2516"]
[BlackElo "2641"]
[Annotator "Postny,E"]
[PlyCount "84"]
[EventDate "2002.06.12"]
[EventType "swiss"]
[EventRounds "13"]
[EventCountry "GEO"]
[SourceTitle "CBM 090"]
[Source "ChessBase"]
[SourceDate "2002.09.20"]
[SourceVersion "1"]
[SourceVersionDate "2002.09.20"]
[SourceQuality "1"]

1. d4 d5 2. c4 e6 3. Nc3 c6 4. e3 f5 5. Bd3 Nf6 6. Nge2 {This white's setup
connected with the play in the centre, following by moves Qc2, 0-0, f3 and e4.}
Bd6 7. Qc2 ({Probably more precise is} 7. f3 {in order to prevent black's
possibility of Ne4.}) 7... Ne4 ({Another option is} 7... O-O 8. f3 {For
example see commented game Golod,V-Dgebuadze,A/Lost Boys op 1999/EXT 2000/0-1 
(81) [Golod]}) 8. O-O O-O 9. f3 Nxc3 10. bxc3 (10. Nxc3 Qf6 {[%cal Gf6d4]
preventing the e3-e4 advance.} (10... Na6 $6 11. a3 dxc4 12. Bxc4 b5 13. Be2
Qc7 14. f4 $14 {1-0 Mohota,N-Stepovaia Dianchenko,T/FIDE WCh Women KO, Moscow 
(1.1) 2001 (55)}) 11. Bd2 Nd7 12. Rae1 Kh8 13. Bc1 dxc4 14. Bxc4 e5 $11 {
0-1 Hernandez,R-Remon,A/Cienfuegos 1991/TD (34)}) 10... Nd7 11. Bd2 Nf6 $146 (
11... dxc4 12. Bxc4 Nb6 13. Bb3 c5 14. c4 Qc7 15. h3 Bd7 $13 {1-0 Lopez
Martinez,J-Popchev,M/Belgrade 2001/EXT 2002 (49)}) 12. e4 $6 {The battle in
the centre, started from this move turnes out to be in black's favour.} (12. c5
$5 Bc7 13. c4 $13) 12... fxe4 13. fxe4 dxe4 14. Bxe4 Qe8 15. Bf4 ({The
possible alternatives are:} 15. Rae1 e5 (15... Nxe4 $6 16. Rxf8+ Qxf8 17. Qxe4)
16. Ng3 Nxe4 17. Nxe4 Qg6 $15) (15. Bd3 e5 16. c5 Bc7 17. Qb3+ Kh8 18. Rae1 e4
$15) 15... Bxf4 16. Rxf4 $2 {Wrong recapture.} (16. Nxf4 e5 17. Rae1 $1 exf4
18. Bxh7+ Nxh7 19. Rxe8 Rxe8 20. Rxf4 {In this irrational position with an
approximate material balance, black's chances are slightly better.}) 16... e5 {
Probably white has underestimated the strength of this strike.} 17. Rh4 $2 {
The final assault in the series of white's mistakes.} (17. dxe5 Qxe5 18. Raf1
$17) {[%tqu "En","Find the winning move for black.","","","g7g5","After this
strong move white can not avoid the material damage.",10,"f6e4","",0]} 17... g5
$1 $19 {After this strong move white can not avoid the material damage.} ({
Less strong is} 17... Nxe4 $6 18. Qxe4 Bf5 19. Qxe5 Qxe5 20. dxe5 Rae8 $17) 18.
Bxh7+ (18. Rh6 Kg7 $19) 18... Kg7 19. Re4 Nxh7 20. Rxe5 Qg6 {White has no
compensation for the material deficit, his position is hopeless.} 21. Qd2 Bd7
22. Ng3 Rae8 23. Qe2 Nf6 ({A bit more precise is} 23... Kg8) 24. Qd2 Nh7 {
Admitting the previous inaccuracy.} 25. Qe3 Kg8 26. Re1 b6 27. a4 Rxe5 28. dxe5
Be6 29. c5 bxc5 30. Qxc5 ({Better practical chance was} 30. Ne4 Bd5 31. Nxc5)
30... Bd5 31. h3 Qc2 32. Re2 Qxa4 33. e6 {The last practical chance, but
certainly insufficient.} Qf4 34. e7 Re8 35. Nh5 Qf7 36. g4 Qf3 37. Qd6 {
[%cal Gd6g6]} Bf7 38. Qd2 Bd5 {Nice switchback.} 39. Re3 Qh1+ 40. Kf2 Qg2+ {
The exchange of QQ kills white's last hopes.} 41. Ke1 Qxd2+ 42. Kxd2 Kf7 0-1